Welcome to CU Library Online Public Access Catalogue (OPAC)

Construction equipment management / (Record no. 8427)

MARC details
000 -LEADER
fixed length control field 00704pam a2200217 a 4500
001 - CONTROL NUMBER
control field 2143760
005 - DATE AND TIME OF LATEST TRANSACTION
control field 20251128161122.0
008 - FIXED-LENGTH DATA ELEMENTS--GENERAL INFORMATION
fixed length control field 980720s1999 njua b 001 0 eng
020 ## - INTERNATIONAL STANDARD BOOK NUMBER
International Standard Book Number 0137162677
020 ## - INTERNATIONAL STANDARD BOOK NUMBER
International Standard Book Number 9780137162673
050 00 - LIBRARY OF CONGRESS CALL NUMBER
Classification number TA213
Item number .S34 1999
082 00 - DEWEY DECIMAL CLASSIFICATION NUMBER
Classification number 690/.028/4
Edition information 21
100 1# - MAIN ENTRY--PERSONAL NAME
Personal name Schaufelberger, John,
Dates associated with a name 1942-
245 10 - TITLE STATEMENT
Title Construction equipment management /
Statement of responsibility, etc. John E. Schaufelberger.
260 ## - PUBLICATION, DISTRIBUTION, ETC.
Place of publication, distribution, etc. Upper Saddle River, N.J. :
Name of publisher, distributor, etc. Prentice Hall,
Date of publication, distribution, etc. c1999.
300 ## - PHYSICAL DESCRIPTION
Extent x, 357 p. :
Other physical details ill. ;
Dimensions 25 cm.
650 #0 - SUBJECT ADDED ENTRY--TOPICAL TERM
Topical term or geographic name entry element Construction equipment
General subdivision Management.
650 #0 - SUBJECT ADDED ENTRY--TOPICAL TERM
Topical term or geographic name entry element Engineering
General subdivision Equipment and supplies
-- Management.
650 #0 - SUBJECT ADDED ENTRY--TOPICAL TERM
Topical term or geographic name entry element Construction industry
General subdivision Management.
942 ## - ADDED ENTRY ELEMENTS (KOHA)
Source of classification or shelving scheme Library of Congress Classification
Koha item type Books
Suppress in OPAC No
999 ## -
-- 8427
-- 8427
Holdings
Withdrawn status Lost status Source of classification or shelving scheme Damaged status Not for loan Collection Home library Current library Shelving location Date acquired Total checkouts Full call number Barcode Date last seen Copy number Price effective from Koha item type
    Library of Congress Classification     Non-fiction Science Library (Miotso) Science Library (Miotso) General stacks 11/28/2025   TA213 .S34 SCH SLM00006375 11/28/2025 1 11/28/2025 Books
    Library of Congress Classification     Non-fiction Science Library (Miotso) Science Library (Miotso) General stacks 11/29/2025   TA213 .S34 SCH SLM00006382 11/29/2025 2 11/29/2025 Books
© 2023-2024 Copyright: Central University Libraries. All Rights Reserved | Created by: Mahone Tech Office